000 00599nam a2200229 i 4500
001 C2-0298156
003 PPAK
005 20180728080307.0
008 090527s2003 ii |||| ||||| | tam d
040 _aPPAK
_beng
_cPPAK
_erda
082 0 4 _a894.8113
_223
090 0 0 _a894.8113
_bMUV
_dG
100 0 _aMu. Varatharasan,
_eauthor
245 1 0 _aThiru V.K.
264 1 _aChennai, India :
_bPaari Nilayam ,
_c2003
300 _a144 pages ;
_c18 cm
336 _2rdacontent
_atext
337 _2rdamedia
_aunmediated
338 _2rdacarrier
_avolume
650 1 0 _aTamil fiction
942 _ddc
_cB
999 _c102500
_d102500